<?xml version="1.0" encoding="UTF-8"?>
<record
    xmlns:xsi="http://www.w3.org/2001/XMLSchema-instance"
    xsi:schemaLocation="http://www.loc.gov/MARC21/slim http://www.loc.gov/standards/marcxml/schema/MARC21slim.xsd"
    xmlns="http://www.loc.gov/MARC21/slim">

  <leader>00852cam a2200265 a 4500</leader>
  <controlfield tag="001">k  67000264 </controlfield>
  <controlfield tag="003">DLC</controlfield>
  <controlfield tag="005">20260227111525.0</controlfield>
  <controlfield tag="008">000302s1955    ko            000 0 kor c</controlfield>
  <datafield tag="010" ind1=" " ind2=" ">
    <subfield code="a">k  67000264 </subfield>
  </datafield>
  <datafield tag="035" ind1=" " ind2=" ">
    <subfield code="a">(CStRLIN)DCLP00-B3034</subfield>
  </datafield>
  <datafield tag="040" ind1=" " ind2=" ">
    <subfield code="a">UPRA</subfield>
    <subfield code="c">UPRA</subfield>
    <subfield code="d">DLC-R</subfield>
    <subfield code="d">DLC</subfield>
  </datafield>
  <datafield tag="042" ind1=" " ind2=" ">
    <subfield code="a">lccopycat</subfield>
  </datafield>
  <datafield tag="050" ind1="0" ind2="0">
    <subfield code="a">PL992.415.C5</subfield>
    <subfield code="b">S57 1955</subfield>
  </datafield>
  <datafield tag="066" ind1=" " ind2=" ">
    <subfield code="c">$1</subfield>
  </datafield>
  <datafield tag="100" ind1="1" ind2=" ">
    <subfield code="6">880-01</subfield>
    <subfield code="a">Kim, Chong-mun,</subfield>
    <subfield code="d">1919-</subfield>
  </datafield>
  <datafield tag="245" ind1="1" ind2="0">
    <subfield code="6">880-02</subfield>
    <subfield code="a">Sisa sidae :</subfield>
    <subfield code="b">sijip /</subfield>
    <subfield code="c">Kim Chong-mun.</subfield>
  </datafield>
  <datafield tag="250" ind1=" " ind2=" ">
    <subfield code="6">880-03</subfield>
    <subfield code="a">Ch&#x2BB;op&#x2BB;an.</subfield>
  </datafield>
  <datafield tag="260" ind1=" " ind2=" ">
    <subfield code="6">880-04</subfield>
    <subfield code="a">S&#x14F;ul T&#x2BB;&#x16D;kpy&#x14F;lsi :</subfield>
    <subfield code="b">Pomun&#x2BC;gak,</subfield>
    <subfield code="c">Tan&#x2BC;gi 4288 [1955]</subfield>
  </datafield>
  <datafield tag="300" ind1=" " ind2=" ">
    <subfield code="a">55 p. ;</subfield>
    <subfield code="c">21 cm.</subfield>
  </datafield>
  <datafield tag="880" ind1="1" ind2=" ">
    <subfield code="6">100-01/$1</subfield>
    <subfield code="a">&#x91D1; &#x5B97;&#x6587;,</subfield>
    <subfield code="d">1919-</subfield>
  </datafield>
  <datafield tag="880" ind1="1" ind2="0">
    <subfield code="6">245-02/$1</subfield>
    <subfield code="a">&#x8A69;&#x53F2; &#x6642;&#x4EE3; :</subfield>
    <subfield code="b">&#x8A69;&#x96C6; /</subfield>
    <subfield code="c">&#x91D1; &#x5B97;&#x6587;.</subfield>
  </datafield>
  <datafield tag="880" ind1=" " ind2=" ">
    <subfield code="6">250-03/$1</subfield>
    <subfield code="a">&#x521D;&#x7248;.</subfield>
  </datafield>
  <datafield tag="880" ind1=" " ind2=" ">
    <subfield code="6">260-04/$1</subfield>
    <subfield code="a">&#xC11C;&#xC6B8;&#x3000;&#x7279;&#x5225;&#x5E02; :</subfield>
    <subfield code="b">&#x666E;&#x6587;&#x95A3;,</subfield>
    <subfield code="c">&#x6A80;&#x7D00; 4288 [1955]</subfield>
  </datafield>
  <datafield tag="999" ind1=" " ind2=" ">
    <subfield code="c">35396</subfield>
    <subfield code="d">35396</subfield>
  </datafield>
</record>
